| 000 | 00931nam a22002297a 4500 | ||
|---|---|---|---|
| 005 | 20180228102556.0 | ||
| 010 | _a1617EN ENG-116955 | ||
| 020 |
_a9781138667914 _c995.00 |
||
| 035 | _aB-649676-680 | ||
| 035 | _aEN-100487 | ||
| 035 | _aB-664909 | ||
| 037 |
_aDPL _bUPPAL |
||
| 082 | _a323.0954 | ||
| 245 |
_aHuman rights in postcolonial India / _ced by Om Prakash Dwivedi [and] V.G.Julie Rajan |
||
| 260 |
_aNew York _bRoutledge _c2016 |
||
| 270 |
_a711 third avenue _bNew York _eNY 10017 |
||
| 300 |
_axiv,331p. _c24cm(HB) |
||
| 700 | _aRajan, V.G.Julie | ||
| 942 |
_2ddc _cEN _h323.0954 _mHUM |
||
| 999 |
_c102105 _d102105 |
||